Učitavanje...

Price behaviour of Indian agricultural commodities /

Bibliografski detalji
Glavni autor: Patnaik, K. U. S.
Daljnji autori: Anbumozhi, K.
Format: Printed Book
Jezik:English
Izdano: New Delhi: Discovery publishing house, 1991.
LEADER 00506 a2200133 4500
008 100208b ||||| |||| 00| 0 eng d
082 |a 338.1 
100 |a Patnaik, K. U. S. 
245 |a Price behaviour of Indian agricultural commodities / 
260 |b Discovery publishing house,  |a New Delhi:  |c 1991. 
700 |a Anbumozhi, K. 
942 |c BK 
999 |c 315567  |d 315567 
952 |0 0  |1 0  |2 ddc  |4 0  |6 338_100000000000000_PAT_P  |7 0  |9 361668  |a ECN  |b ECN  |c GEN  |d 2010-09-07  |g 0.00  |i 6077  |l 0  |o 338.1 PAT/P  |p ECN6077  |r 2010-09-07  |w 2010-09-07  |y BK